LEADER 01354nam 2200445 450 001 9910788904903321 005 20200520144314.0 035 $a(CKB)3710000000072894 035 $a(SSID)ssj0001140494 035 $a(PQKBManifestationID)11667115 035 $a(PQKBTitleCode)TC0001140494 035 $a(PQKBWorkID)11221489 035 $a(PQKB)10294900 035 $a(MiAaPQ)EBC3386970 035 $a(Au-PeEL)EBL3386970 035 $a(CaPaEBR)ebr10721957 035 $a(OCoLC)872988781 035 $a(EXLCZ)993710000000072894 100 $a20140307h18372007 uy 0 101 0 $aeng 135 $aurcnu|||||||| 181 $ctxt 182 $cc 183 $acr 200 04$aThe annual register, or a view of the history, politics, and literature, of the year 1836 210 1$aLondon, [England] :$cPrinted for Baldwin and Cradock,$d1837. 210 4$d2007 215 $a1 online resource (862 pages) 300 $aIncludes index. 311 $a1-61540-294-2 607 $aGreat Britain$xHistory$y19th century$vPeriodicals 607 $aEngland$vAlmanacs 676 $a909.81 801 0$bMiAaPQ 801 1$bMiAaPQ 801 2$bMiAaPQ 906 $aBOOK 912 $a9910788904903321 996 $aThe annual register, or a view of the history, politics, and literature, of the year 1836$93764265 997 $aUNINA LEADER 02884oas 2201129 a 450 001 9910145503803321 005 20260128110032.0 011 $a1940-1906 035 $a(DE-599)ZDB2049779-9 035 $a(OCoLC)42815958 035 $a(CONSER) 2007215274 035 $a(CKB)954925478520 035 $a(DE-599)2049779-9 035 $a(EXLCZ)99954925478520 100 $a19991112a19789999 sy a 101 0 $aeng 135 $aurmnu|||||||| 181 $ctxt$2rdacontent 182 $cc$2rdamedia 183 $acr$2rdacarrier 200 00$aHistorical methods 210 $a[Washington] $c[Heldref Publications] 210 31$a[Abingdon, UK] :$cTaylor & Francis 215 $a1 online resource (volumes) 300 $aRefereed/Peer-reviewed 311 08$a0161-5440 606 $aSocial sciences$vPeriodicals 606 $aSciences sociales$vPe?riodiques 606 $aSocial sciences$2fast$3(OCoLC)fst01122877 606 $aHistory$xPeriodicals$2fssh 606 $aGeschichte$2gnd 606 $aMethodologie$2gnd 606 $aOnderzoeksmethoden$2gtt 606 $aHistoriography$vPeriodicals$2nli 606 $aHistory$xMethodology$vPeriodicals$2nli 606 $aSciences sociales$2rasuqam 606 $aSociologie$2rasuqam 606 $aTravail social$2rasuqam 606 $aHistoire$2rasuqam 606 $aMe?thode historique$2rasuqam 608 $aPeriodicals.$2fast 608 $aPeriodicals.$2lcgft 608 $aPe?riodique e?lectronique (Descripteur de forme)$2rasuqam 608 $aRessource Internet (Descripteur de forme)$2rasuqam 615 0$aSocial sciences 615 6$aSciences sociales 615 7$aSocial sciences. 615 7$aHistory$xPeriodicals. 615 7$aGeschichte. 615 7$aMethodologie. 615 17$aOnderzoeksmethoden. 615 7$aHistoriography 615 7$aHistory$xMethodology 615 7$aSciences sociales. 615 7$aSociologie. 615 7$aTravail social. 615 7$aHistoire. 615 7$aMe?thode historique. 676 $a300 801 0$bUV$ 801 1$bUV$ 801 2$bOCL 801 2$bUV$ 801 2$bOCLCQ 801 2$bBUF 801 2$bOCLCQ 801 2$bNSD 801 2$bAZU 801 2$bEEM 801 2$bOCLCQ 801 2$bCO3 801 2$bCUD 801 2$bTNG 801 2$bCEF 801 2$bIAU 801 2$bOCLCQ 801 2$bCOO 801 2$bOCLCO 801 2$bOCLCF 801 2$bOCLCO 801 2$bOCLCQ 801 2$bVT2 801 2$bDLC 801 2$bUKMGB 801 2$bQGK 801 2$bDYJ 801 2$bOCLCQ 801 2$bCUS 801 2$bUEJ 801 2$bUBY 801 2$bAUD 801 2$bOCLCL 801 2$bOCLCQ 906 $aJOURNAL 912 $a9910145503803321 996 $aHistorical methods$92349877 997 $aUNINA